| 000 | 00844cam a2200217 4500 | ||
|---|---|---|---|
| 001 | WB3636-27 | ||
| 008 | 000000n2000 000 0 eng u | ||
| 035 | _a(Sirsi) u108310 | ||
| 245 | _aImprovements to planning application process | ||
| 260 | _c2000 | ||
| 490 |
_aPlanning (for the Natural and Built Environment) _v(1385) 8 September 2000, 1(1) |
||
| 520 | _aThe DETR has announced a new national standard for speed of processing planning applications. This calls on under-performing LAs to determine 65 per cent of applications within eight weeks by 2001/2. | ||
| 590 | _aWB | ||
| 650 | _aPLANNING APPLICATIONS | ||
| 650 | _aPLANNING AUTHORITIES | ||
| 650 | _aLOCAL AUTHORITIES | ||
| 650 | _aBEST VALUE | ||
| 650 | _aPERFORMANCE STANDARDS | ||
| 690 | _aENVIRONMENTAL AND LAND CONSULTANCY-PLANNING AND DEVELOPMENT | ||
| 942 | _n0 | ||
| 999 |
_c64662 _d64662 |
||